Vāṅmayārṇavaḥ. (Record no. 78353)

MARC details
000 -LEADER
fixed length control field 00719cam a22002411 4500
001 - CONTROL NUMBER
control field sa 68001968
003 - CONTROL NUMBER IDENTIFIER
control field DLC
005 - DATE AND TIME OF LATEST TRANSACTION
control field 20260227112438.0
008 - FIXED-LENGTH DATA ELEMENTS--GENERAL INFORMATION
fixed length control field 900223s1967 ii c bd 000 0 sano
010 ## - LIBRARY OF CONGRESS CONTROL NUMBER
LC control number sa 68001968
035 ## - SYSTEM CONTROL NUMBER
System control number (OCoLC)21115563
040 ## - CATALOGING SOURCE
Original cataloging agency DLC
Transcribing agency WaU
Modifying agency DLC
042 ## - AUTHENTICATION CODE
Authentication code premarc
050 00 - LIBRARY OF CONGRESS CALL NUMBER
Classification number PK3799.S385
Item number V3
100 1# - MAIN ENTRY--PERSONAL NAME
Personal name Sharma, Ramavatar,
Dates associated with a name -1929.
245 10 - TITLE STATEMENT
Title Vāṅmayārṇavaḥ.
260 ## - PUBLICATION, DISTRIBUTION, ETC.
Date of publication, distribution, etc. [1967]
300 ## - PHYSICAL DESCRIPTION
Extent 23, 815 p.
Other physical details ports.
500 ## - GENERAL NOTE
General note In Sanskrit; introductory matter in Hindi.
504 ## - BIBLIOGRAPHY, ETC. NOTE
Bibliography, etc. note List of works of the author and of his son, Nalin Vilochan Sharma : p. 13-17 (1st group)
650 #0 - SUBJECT ADDED ENTRY--TOPICAL TERM
Topical term or geographic name entry element Sanskrit language
Form subdivision Dictionaries.
700 1# - ADDED ENTRY--PERSONAL NAME
Personal name Śarmā, Nalinavilocana.

No items available.

Powered by Koha